| 000 | 00426nam a22001697a 4500 | ||
|---|---|---|---|
| 005 | 20180618110937.0 | ||
| 008 | 160526b xxu||||| |||| 00| 0 eng d | ||
| 020 | _a81-7194-332-2 | ||
| 041 | _aeng | ||
| 082 |
_b5123 _a657.46 |
||
| 100 |
_aSinganiya, Vinod & Monica _91279 |
||
| 245 | _aDirect Taxes Law & Practice | ||
| 260 |
_aNew Delhi _bAcademic Faundation |
||
| 300 | _a1520 | ||
| 650 |
_aManagement _9241 |
||
| 942 | _cBK | ||
| 999 |
_c1787 _d1786 |
||